000
00257nam a22001217a 4500
082
_a
823
_b
BAL/C
100
_a
BALLANTYNE, R M
245
_a
THE CORAL ISLAND
260
_a
DELHI
_b
S CHAND & CO
300
_a
122
650
_a
ENGLISH STORY
_z
INDIA
942
_c
BK
999
_c
7275
_d
7275